[Event "Martigny op 22nd"]
[Site "Martigny"]
[Date "2013.08.05"]
[Round "7"]
[White "Khanabiev, Alexey"]
[Black "Neelotpal, Das"]
[Result "0-1"]
[WhiteElo "1988"]
[BlackElo "2445"]
[PlyCount "46"]
[EventDate "2013.08.02"]
[EventType "swiss"]
[EventRounds "7"]
[EventCountry "SUI"]
[SourceTitle "EXT 2017"]
[Source "ChessBase"]
[SourceDate "2016.10.25"]
[SourceVersion "1"]
[SourceVersionDate "2016.10.25"]
[SourceQuality "1"]

1. e4 e6 2. d4 d5 3. e5 c5 4. c3 Qb6 5. Nf3 Nc6 6. Bd3 cxd4 7. cxd4 Bd7 8. 0-0 Nb4 9. Be2 Bb5 10. Nc3 Bxe2 11. Qxe2 Nc6 12. Bd2 Nge7 13. Na4 Qd8 14. Qb5 Rb8 15. Nc5 Nf5 16. Bb4 Qb6 17. a4 Qxb5 18. axb5 Nxb4 19. Rxa7 Nxd4 20. Rxb7 Rxb7 21. Nxb7 Nxf3+ 22. gxf3 Kd7 23. Rc1 Be7 0-1

[Event "Martigny op 22nd"]
[Site "Martigny"]
[Date "2013.08.02"]
[Round "1"]
[White "Zarri, Philippe"]
[Black "Khanabiev, Alexey"]
[Result "0-1"]
[WhiteElo "1461"]
[BlackElo "1988"]
[PlyCount "36"]
[EventDate "2013.08.02"]
[EventType "swiss"]
[EventRounds "7"]
[EventCountry "SUI"]
[SourceTitle "EXT 2017"]
[Source "ChessBase"]
[SourceDate "2016.10.25"]
[SourceVersion "1"]
[SourceVersionDate "2016.10.25"]
[SourceQuality "1"]

1. d4 c5 2. Nf3 cxd4 3. Nxd4 d5 4. Nc3 Nf6 5. e3 e5 6. Nb3 Be7 7. Be2 0-0 8. 0-0 Nc6 9. f4 exf4 10. exf4 Bf5 11. Nd4 Nxd4 12. Qxd4 Bxc2 13. Bf3 Rc8 14. Kh1 Bc5 15. Qd2 Be4 16. Bd1 Re8 17. Bc2 Ng4 18. Ba4 Qh4 0-1